Ajuste estructural, ambiente y desarrollo sostenible /
Saved in:
| Corporate Author: | |
|---|---|
| Other Authors: | |
| Format: | Book |
| Language: | Spanish English |
| Published: |
Caracas, Venezuela :
Fondo Mundial para la Naturaleza-WWF; CENDES-UCV ; Editorial Nueva Sociedad,
1996.
|
| Edition: | 1a ed. |
| Subjects: | |
| Tags: |
Add Tag
No Tags, Be the first to tag this record!
|
| LEADER | 01065cam a2200265Ia 4500 | ||
|---|---|---|---|
| 001 | 007732042-5 | ||
| 005 | 20020606104010.5 | ||
| 008 | 980310s1996 ve a 000 0 spa d | ||
| 020 | |a 9803171100 | ||
| 035 | 0 | |a ocm38575843 | |
| 040 | |a PIF |c PIF |d OCL |d CUY |d HLS | ||
| 041 | 1 | |a spa |h eng | |
| 090 | |a HC59.7 |b .S87318 1996 | ||
| 130 | 0 | |a Structural adjustment , the environment, and sustainable development. |l Spanish. | |
| 245 | 0 | 0 | |a Ajuste estructural, ambiente y desarrollo sostenible / |c David Reed (editor) |
| 250 | |a 1a ed. | ||
| 260 | |a Caracas, Venezuela : |b Fondo Mundial para la Naturaleza-WWF; |b CENDES-UCV ; |b Editorial Nueva Sociedad, |c 1996. | ||
| 300 | |a 380 p. : |b ill., |c 23 cm. | ||
| 546 | |a Translation of: Structural adjustment, the environment, and sustainable development, c1996. | ||
| 650 | 0 | |a Structural adjustment (Economic policy) |z Developing countries |v Case studies. | |
| 650 | 0 | |a Environmental policy |z Developing countries |v Case studies. | |
| 700 | 1 | |a Reed, David, |d 1948- | |
| 710 | 2 | |a World Wide Fund for Nature. | |
| 988 | |a 20020608 | ||
| 906 | |0 OCLC | ||


